| 000 | 00332nam a22001457a 4500 | ||
|---|---|---|---|
| 999 |
_c2788 _d2788 |
||
| 003 | NUST | ||
| 020 | _a9789381421635 | ||
| 038 | _aA | ||
| 082 | _a302.23 | ||
| 100 |
_aAjay Kumar Sharma _931309 |
||
| 245 | _aTools and techniques of journalism | ||
| 260 |
_aNew Delhi _bRandom publications _c2012. |
||
| 300 | _a270p | ||
| 942 |
_cBK _2ddc |
||